Plasma focus neutrons : some measurements and applications /
Saved in:
| Main Author: | |
|---|---|
| Format: | Thesis Book |
| Language: | English |
| Published: |
1988.
|
| Subjects: | |
| Tags: |
Add Tag
No Tags, Be the first to tag this record!
|
| LEADER | 01234cam a2200313 4500 | ||
|---|---|---|---|
| 001 | u84532 | ||
| 003 | SIRSI | ||
| 008 | 891219s1988 my mt 00 1 eng m | ||
| 035 | |a AAJ-1919 | ||
| 040 | |a UMM | ||
| 043 | |a a-my--- | ||
| 090 | |a QC718.5 |b D38Cha | ||
| 091 | |a Microfilm 2230 | ||
| 100 | 1 | 0 | |a Chakrabarty, Chandan Kumar. |
| 245 | 1 | 0 | |a Plasma focus neutrons : |b some measurements and applications / |c by Chandan Kumar Chakrabarty. |
| 260 | |c 1988. | ||
| 500 | |a PPZ. | ||
| 500 | |a Also available on microfilm. Kuala Lumpur : Perpustakaan Universiti Malaya, 1996. 1 reel : negative ; 35mm. | ||
| 300 | |a v, 120 leaves ; |c 30 cm. | ||
| 502 | |a Dissertation (M.Sc.) -- Jabatan Fizik, Fakulti Sains, Universiti Malaya, 1989. | ||
| 504 | |a Bibliography: leaves 115-120. | ||
| 650 | 0 | |a Dense plasma focus. | |
| 650 | 0 | |a Neutron sources. | |
| 650 | 0 | |a Plasma (Ionized gases). | |
| 710 | 2 | 0 | |a Universiti Malaya. |b Fakulti Sains. |
| 948 | |a 17/03/1991 |b 23/12/2000 | ||
| 596 | |a 1 | ||
| 999 | |a QC718.5 D38CHA |w LC |c 1 |i A010644976 |d 19/8/2008 |e 19/8/2008 |l STACKS |m P01UTAMA |n 12 |r Y |s Y |t TESIS |u 10/1/1992 | ||
| 999 | |a MICROFILM 2230,2231,2232,2233,2319,2325 |w LC |c 1 |i A516622973 |d 23/9/2016 |f 23/9/2016 |g 1 |l MIKROFILM |m P01UTAMA |r Y |s Y |t MIKROFILEM |u 23/9/2016 | ||
